| 000 | 00595nam a2200169Ia 4500 | ||
|---|---|---|---|
| 008 | 090201s9999 xx 000 0 und d | ||
| 010 | _aKPL-54251 | ||
| 040 | _bमराठी | ||
| 041 | _aमराठी | ||
| 082 |
_a10926 _b54251 |
||
| 100 | _aद व्यं जहागीरदार | ||
| 245 |
_aगंध:एक चिरंतन अनुभूती _cद व्यं जहागीरदार |
||
| 260 |
_c2004 _bसाहित्यसेवा |
||
| 300 |
_a116 _bमोठा |
||
| 600 | _aगंध:एक चिरंतन अनुभूती | ||
| 942 | _cBOOK | ||
| 999 |
_c211348 _d211348 |
||